000 01830nam a2200433 i 4500
001 ELB53381
003 FlNmELB
006 m o d |
007 cr cnu||||||||
008 170309s2014 sp o 001 0 spa d
020 _a9788481027150 (e-book)
035 _a(MiAaPQ)EBC4776033
035 _a(Au-PeEL)EBL4776033
035 _a(CaPaEBR)ebr11322685
035 _a(OCoLC)991898105
040 _aFINmELB
_bspa
_erda
_cFINmELB
050 4 _aHD31
_bW926 2014
080 _a658
082 0 _a658
_223
245 0 0 _aIII Workshop de la sección de función empresarial y creación de empresas de ACEDE :
_bnuevas fronteras en la investigación en emprendimiento y en la docencia del emprendimiento /
_ceditoras, Concepción López Fernández, Ana Serrano Bedia, Marta García Lastra.
264 1 _aSantander :
_bEditorial de la Universidad de Cantabria,
_c[2014]
300 _a1 recurso en línea (544 páginas)
336 _atexto
_btxt
_2rdacontent/spa
337 _acomputadora
_bc
_2rdamedia/spa
338 _arecurso en línea
_bcr
_2rdacarrier/spa
500 _aContiene índice.
588 _aDescripción basada en recurso en línea; Título de la página del título en PDF (e-libro, visto March 09, 2017).
590 _aRecurso electronico. Santa Fe, Arg. : e-libro, 2016. Disponible via World Wide Web. El acceso puede ser limitado para las bibliotecas afiliadas a e-libro.
650 0 _aIndustrial management.
650 4 _aAdministración de empresas.
650 0 _aEntrepreneurship.
650 4 _aEmprendimiento.
655 4 _aLibros electrónicos.
700 1 _aLópez Fernández, Concepción,
_eeditora.
700 1 _aSerrano Bedia, Ana,
_eeditora.
700 1 _aGarcía Lastra, Marta,
_eeditora.
797 2 _ae-libro, Corp.
856 4 0 _uhttps://elibro.net/ereader/usam/53381
999 _c144190
_d144190